📖150 premiers mots "Comme un roman" Daniel Pennac - Statistiques

Statistiques générales
  • Ce quiz a Ă©tĂ© pris 20 fois
  • Le rĂ©sultat moyen est 75 sur 150
Statistiques - réponses
Mots % Correct
t'
100%
Ă 
94%
a
94%
C'
94%
c'
94%
et
94%
un
94%
d'
89%
de
89%
est
89%
il
89%
Il
89%
je
89%
l'
89%
qu'
89%
s'
89%
Le
83%
le
83%
que
83%
sa
83%
te
83%
La
78%
lĂ 
78%
la
78%
nous
78%
Pour
78%
son
78%
ta
78%
moi !"
72%
ne
72%
au
67%
Mais
67%
On
67%
par
67%
sûr.
67%
sur
67%
tout
67%
avec
61%
bien
61%
ça
61%
dans
61%
si
61%
pas
56%
y :
56%
lui
50%
lui.
50%
peu
50%
lire
44%
lire !"
44%
lire.
44%
livre.
44%
livre
44%
loup,
44%
peut
44%
"Aime-
39%
- Alors,
39%
donc,
39%
chambre
33%
endormi
33%
sommes
33%
toujours
33%
autres :
28%
chose
28%
"Lis !"
28%
"Lis !
28%
lis,
28%
lis !
28%
ordonne
28%
plaĂźt ?
28%
porte
28%
Allez-
22%
assis
22%
bon
22%
bureau,
22%
MĂȘme
22%
- Monte
22%
monté
22%
non, ...
22%
quelque
22%
verbe
22%
"aimer"...
17%
coup,
17%
occupé
17%
ouvrions
17%
"RĂȘve !"
17%
sang,
17%
trouverons
17%
aura
11%
devant
11%
essayer,
11%
ouvert
11%
partage
11%
quelques
11%
reste
11%
"rĂȘver"...
11%
échapper
6%
entendu
6%
fenĂȘtre,
6%
ouverte
6%
répondra
6%
supporte
6%
venir.
6%
Aversion
0%
enviable.
0%
envolé.
0%
immensément
0%
impératif.
0%
Néant.
0%
paru
0%
Résultat ?
0%
sagement
0%
sommeil
0%
surface
0%
vigilant :
0%
Aucun quiz correspondant
Distribution des résultats
% des personnes avec chaque résultat
Percentile par nombre de réponses
Votre historique - résultats
Vous n’avez pas pris ce quiz